Welcome to CU Library Online Public Access Catalogue (OPAC)

Statistics for business & economics / (Record no. 2181)

MARC details
000 -LEADER
fixed length control field 01478cam a2200349 i 4500
001 - CONTROL NUMBER
control field 19276369
005 - DATE AND TIME OF LATEST TRANSACTION
control field 20241213172119.0
008 - FIXED-LENGTH DATA ELEMENTS--GENERAL INFORMATION
fixed length control field 160915t20182018maua b 001 0 eng
020 ## - INTERNATIONAL STANDARD BOOK NUMBER
International Standard Book Number 9781337094160 (package)
020 ## - INTERNATIONAL STANDARD BOOK NUMBER
International Standard Book Number 1337094161
020 ## - INTERNATIONAL STANDARD BOOK NUMBER
International Standard Book Number 9781305881884 (book only)
050 00 - LIBRARY OF CONGRESS CALL NUMBER
Classification number HF1017
Item number .A6 2018
082 00 - DEWEY DECIMAL CLASSIFICATION NUMBER
Classification number 519.5
Edition information 23
100 1# - MAIN ENTRY--PERSONAL NAME
Personal name Anderson, David R.
Fuller form of name (David Ray),
Dates associated with a name 1941-
Relator term author.
245 10 - TITLE STATEMENT
Title Statistics for business & economics /
Statement of responsibility, etc. David R. Anderson, University of Cincinnati, Dennis J. Sweeney, University of Cincinnati, Thomas A. Williams, Rochester Institute of Technology, Jeffrey D. Camm, Wake Forest University, James J. Cochran, University of Alabama.
250 ## - EDITION STATEMENT
Edition statement 13e revised [edition].
260 ## - PUBLICATION, DISTRIBUTION, ETC.
Place of publication, distribution, etc. Australia
Name of publisher, distributor, etc. Cengage Learning
Date of publication, distribution, etc. 2018
300 ## - PHYSICAL DESCRIPTION
Extent xxvii, 1092 pages :
Other physical details color illustrations ;
Dimensions 27 cm
500 ## - GENERAL NOTE
General note Includes Index
650 #0 - SUBJECT ADDED ENTRY--TOPICAL TERM
Topical term or geographic name entry element Commercial statistics
General subdivision Methodology.
650 #0 - SUBJECT ADDED ENTRY--TOPICAL TERM
Topical term or geographic name entry element Economics
General subdivision Statistical methods.
650 #7 - SUBJECT ADDED ENTRY--TOPICAL TERM
Topical term or geographic name entry element Commercial statistics
General subdivision Methodology.
Source of heading or term fast
Authority record control number or standard number (OCoLC)fst00869646
650 #7 - SUBJECT ADDED ENTRY--TOPICAL TERM
Topical term or geographic name entry element Economics
General subdivision Statistical methods.
Source of heading or term fast
Authority record control number or standard number (OCoLC)fst00902215
650 #7 - SUBJECT ADDED ENTRY--TOPICAL TERM
Topical term or geographic name entry element Statistik
Source of heading or term gnd
650 #7 - SUBJECT ADDED ENTRY--TOPICAL TERM
Topical term or geographic name entry element Wirtschaftsmathematik
Source of heading or term gnd
650 #7 - SUBJECT ADDED ENTRY--TOPICAL TERM
Topical term or geographic name entry element Wirtschaftsstatistik
Source of heading or term gnd
700 1# - ADDED ENTRY--PERSONAL NAME
Personal name Sweeney, Dennis J.,
Relator term author.
700 1# - ADDED ENTRY--PERSONAL NAME
Personal name Williams, Thomas A.
Fuller form of name (Thomas Arthur),
Dates associated with a name 1944-
Relator term author.
700 1# - ADDED ENTRY--PERSONAL NAME
Personal name Camm, Jeffrey D.,
Dates associated with a name 1958-
Relator term author.
700 1# - ADDED ENTRY--PERSONAL NAME
Personal name Cochran, James J.,
Relator term author.
942 ## - ADDED ENTRY ELEMENTS (KOHA)
Source of classification or shelving scheme Library of Congress Classification
Koha item type Books
Edition 13e Revised Ed.
Suppress in OPAC No
999 ## -
-- 2181
-- 2181
Holdings
Withdrawn status Lost status Source of classification or shelving scheme Damaged status Not for loan Collection Home library Current library Shelving location Date acquired Total checkouts Full call number Barcode Date last seen Copy number Price effective from Koha item type
    Library of Congress Classification     Non-fiction Business Library (Miotso) Business Library (Miotso) General stacks 12/13/2024   HF1017 .A6 2018 BSSM00000345 12/13/2024 1 12/13/2024 Books
© 2023-2024 Copyright: Central University Libraries. All Rights Reserved | Created by: Mahone Tech Office